Recherche en matiere d'économie des transports bulletin annuel d'information

Salvato in:
Dettagli Bibliografici
Ente Autore: OECD. European Conference of Ministers of Transport
Natura: Libro
Lingua:francese
inglese
Pubblicazione: Paris OECD 1997
Soggetti:
Tags: Aggiungi Tag
Nessun Tag, puoi essere il primo ad aggiungerne!!

MARC

LEADER 00000nam a2200000 4500
001 c120064
005 20240104114729.6
020 |a 92-821-0228-9 
041 0 |a fre 
041 0 |a eng 
044 |a FR 
245 1 0 |a Recherche en matiere d'économie des transports  |b bulletin annuel d'information 
264 1 |a Paris  |b OECD  |c 1997 
300 |a 436 s. 
610 2 0 |a výskum 
610 2 0 |a doprava 
610 2 0 |a doprava cestná 
610 2 0 |a politika dopravná 
610 2 0 |a OECD 
710 2 |a OECD. European Conference of Ministers of Transport